Culture, society and economy in the Republic of Ireland

Gespeichert in:
Bibliographische Detailangaben
1. Verfasser: Némethová, Ildikó, 1974-
Format: Buchkapitel
Sprache:Englisch
Schlagworte:
Tags: Tag hinzufügen
Keine Tags, Fügen Sie das erste Tag hinzu!

MARC

LEADER 00000nla a2200000 4500
001 0163859
005 20240502083402.9
041 0 |a eng 
044 |a HU 
245 1 0 |a Culture, society and economy in the Republic of Ireland  |c Ildikó Némethová 
610 2 0 |a situácia hospodárska 
610 2 0 |a rozvoj hospodársky 
610 2 0 |a kultúra 
610 2 0 |a vývoj 
610 2 0 |a história 
610 2 0 |a Írsko 
100 1 |a Némethová, Ildikó, 1974-